Kráľovná s bielou hnilobou

Bibliographic Details
Main Author: Siviček, Peter (Author)
Format: Article
Language:Slovak
Subjects:

MARC

LEADER 00000nab a2200000 a 4500
001 vtls000686348
003 SK-MaSNL
005 20260302195510.0
008 180207c1999 xo 0 slo
015 |a SNBRB1999/02-02954 
035 |a CLN000038515 
040 |a SNKBUCL  |b slo  |c SNKBUCL  |e AACR2 
041 0 |a slo 
044 |a xo  |c SK 
080 |a 632.1/.7:633.853.492  |2 UDC-MRF-SK2 
080 |a 633.853.492  |2 UDC-MRF-SK2 
100 1 |a Siviček, Peter  |4 aut  |9 783541 
245 1 0 |a Kráľovná s bielou hnilobou  |c Peter Siviček 
650 0 7 |a repka olejka  |x choroby  |x škodcovia živočíšni  |2 snkbucl  |9 917088 
650 0 7 |a živočíšni škodcovia  |2 snkbucl  |9 28600 
655 7 |a články z novín a časopisov  |2 snkbucl  |9 267496 
773 0 |t Roľnícke noviny  |g Č. 30 (15.2.1999) 
773 0 |t [Príl.] Ochrana a výživa rastlín  |g S. 1-2 
850 |a Slovenská národná knižnica v Martine 
852 |a SNK  |b KIS3GCP 
958 |a RBX 
999 |c 1452921  |d 1454851